| 000 | 01278cam a22003498i 4500 | ||
|---|---|---|---|
| 999 |
_c28381 _d28352 |
||
| 001 | 20660303 | ||
| 003 | EG-ScBUE | ||
| 005 | 20200319123422.0 | ||
| 008 | 180906t2019 flu f b 001 0 eng d | ||
| 020 | _a9781498732062 (hardback : alk. paper) | ||
| 040 |
_aDLC _beng _erda _cDLC _dDLC _dEG-ScBUE |
||
| 043 | _an-us--- | ||
| 082 | 0 | 4 |
_a338.476151 _bGOO _222 |
| 245 | 0 | 0 |
_aGood manufacturing practices for pharmaceuticals / _cedited by Graham P. Bunn. |
| 250 | _aSeventh edition. | ||
| 264 | 1 |
_aBoca Raton : _bCRC Press, Taylor & Francis Group, _c[2019] |
|
| 264 | 4 | _cc2019 | |
| 300 |
_axiii, 371 pages ; _c26 cm. |
||
| 336 |
_atext _btxt _2rdacontent |
||
| 337 |
_aunmediated _bn _2rdamedia |
||
| 338 |
_avolume _bnc _2rdacarrier |
||
| 490 | 0 | _aDrugs and the pharmaceutical sciences | |
| 504 | _aIncludes bibliographical references and index. | ||
| 650 | 7 |
_aPharmaceutical industry _xQuality control. _2BUEsh |
|
| 650 | 7 |
_aDrugs _xStandards _zUnited States. _2BUEsh |
|
| 653 |
_bPPhrm _cMarch2020 |
||
| 655 |
_vText book _933728 |
||
| 700 | 1 |
_aBunn, Graham P., _eeditor. |
|
| 906 |
_a7 _bcbc _corignew _d1 _eecip _f20 _gy-gencatlg |
||
| 942 |
_2ddc _cTXT |
||